Az Élelmiszertörvény és a Magyar Élelmiszerkönyv értelmezése

Elmentve itt :
Bibliográfiai részletek
További közreműködők: Ősz Csabáné
Dokumentumtípus: Cikk
Megjelent: Q & M Kft. Budapest 1997
Sorozat:Élelmiszervizsgálati közlemények 43 No. 4
Kulcsszavak:Élelmiszergazdaság - minőségszabályozás - magyar
Tárgyszavak:
Online Access:http://acta.bibl.u-szeged.hu/79953
LEADER 00871nab a2200217 i 4500
001 acta79953
005 20230826091900.0
008 230726s1997 hu o 0|| hun d
022 |a 0422-9576 
040 |a SZTE Egyetemi Kiadványok Repozitórium  |b hun 
041 |a hun 
245 0 3 |a Az Élelmiszertörvény és a Magyar Élelmiszerkönyv értelmezése  |h [elektronikus dokumentum] 
260 |a Q & M Kft.  |b Budapest  |c 1997 
300 |a 301-313 
490 0 |a Élelmiszervizsgálati közlemények  |v 43 No. 4 
650 4 |a Műszaki és technológiai tudományok 
650 4 |a Egyéb műszaki tudományok és technológiák 
650 4 |a Élelmiszer és italfélék 
695 |a Élelmiszergazdaság - minőségszabályozás - magyar 
700 0 1 |a Ősz Csabáné 
856 4 0 |u http://acta.bibl.u-szeged.hu/79953/1/elelmiszervizsgalati_kozlemenyek_1997_04_301-313.pdf  |z Dokumentum-elérés